000 00379nam a2200145Ia 4500
005 20250729165747.0
008 250729s2010 xx 000 0 und d
041 _aeng
082 _a372.25 NORU
100 _aNorber Minezes
_9232335
245 _aUnder achivers can be top scorers
260 _aPatna
_bPrabhath Prakashan
_c2010
300 _a176p
650 _aEducation
_9232336
999 _c239731
_d239731